De la obstrucción a la justicia y la deslealtad profesional

Uloženo v:
Podrobná bibliografie
Hlavní autor: Benítez Ortúzar, Ignacio Francisco (Autor)
Médium: Kniha
Jazyk:španělština
Vydáno: Madrid Marcial Pons 1999
Vydání:1a. ed
Edice:Monografías Jurídicas
Témata:
Tagy: Přidat tag
Žádné tagy, Buďte první, kdo vytvoří štítek k tomuto záznamu!

MARC

LEADER 00000cam a2200000 a 4500
001 UCC5827
003 CL-VaPUC
008 181031e19990000sp |||||||||||||||||spa|d
020 |a 8472487261 
082 0 4 |a 342.4606  |b BEN  |2 21 
100 0 |a Benítez Ortúzar, Ignacio Francisco  |e author  |9 600215 
245 1 0 |a De la obstrucción a la justicia y la deslealtad profesional 
250 |a 1a. ed 
300 |a 243 p 
942 |c BK 
945 |d 20181031 17:21:00  |a dcastane 
260 |a Madrid  |b Marcial Pons  |c 1999 
650 7 |a DERECHO ADMINISTRATIVO ESPAÑOL  |2 CL-VaPUC  |9 482261 
650 0 |a Administración de justicia  |9 382749 
583 |a last modification  |c 20181031 17:21:00  |k Rodrigo Vera 
490 0 |a Monografías Jurídicas 
999 |c 372936  |d 372934 
952 |0 0  |1 0  |3 erb  |4 0  |6 342_460600000000000_BEN_1999  |7 0  |8 A  |9 490828  |a BIBDER  |b BIBDER  |e Mateluna Arestizabal, Alfredo Sergio  |i 5491592  |o 342.4606 BEN 1999  |p 5491592  |r 2023-01-25  |w 2019-11-24  |y BK  |z Catalogado en:20181031  |k DER